000 00555nam a2200229Ia 4500
005 20260320202052.0
008 008 262003s9999 xx 000 0 eng d
037 _aEBOOK
040 _aCRL
040 _beng
040 _cCRL
041 _2eng
041 _aeng
084 _qCRL
100 _aMcNamara
245 0 _aRust in Action: Systems programming concepts and techniques
260 _bIEEE
856 _uhttps://ieeexplore.ieee.org/servlet/opac?bknumber=10280258
942 _cEBOOK
999 _c1725124
_d1725124